| 000 | 01604cam a2200385 i 4500 | ||
|---|---|---|---|
| 001 | 200468133 | ||
| 003 | TR-AnTOB | ||
| 005 | 20260416084913.0 | ||
| 007 | ta | ||
| 008 | 260416r19621954enk 000 d eng | ||
| 010 | _a 54001356 | ||
| 035 | _a(CLU)2348882-ucladb-Voyager | ||
| 035 |
_a(OCoLC)02031899 _z(OCoLC)7009640 _z(OCoLC)277225669 _z(OCoLC)1037476404 |
||
| 035 | _a(OCoLC)ocm02031899 | ||
| 035 | _a(EXLNZ-01UCS_NETWORK)9912951602606531 | ||
| 035 | _z08-AKO-8064 | ||
| 035 | _a(TR-AnTOB)200468133 | ||
| 040 |
_aDLC _beng _erda _cABC _dOCL _dVA@ _dUBA _dOCLCQ _dNLGGC _dOCLCG _dHIL _dZWZ _dU2Q _dEUX _dOCLCF _dOCLCQ _dOCLCO _dDEBBG _dDHA _dJ9U _dL2U _dNTE _dOCLCO _dOCLCQ _dOCLCO _dOCLCL _dOCLCQ _dOCLCL _dTR-AnTOB |
||
| 041 | 0 | _aeng | |
| 050 | 0 | 4 |
_aPR6025.O645 _bB8 1962 |
| 090 |
_aPR6025.O645 _bB8 1962 |
||
| 100 | 1 |
_aMorgan, Charles, _d1894-1958 _eauthor _4aut _0http://id.loc.gov/authorities/names/n50005816 _9153695 |
|
| 245 | 1 | 4 |
_aThe burning glass : _ba play / _cby Charles Morgan ; with a preface, On power over nature. |
| 264 | 1 |
_aLondon : _bMacmillan & Co Ltd ; _aNew York : _bSt. Martin's Press, _c1962. |
|
| 300 |
_axxviii pages, 1 leaf, 155, [1] pages ; _c22 cm |
||
| 336 |
_atext _btxt _2rdacontent |
||
| 337 |
_aunmediated _bn _2rdamedia |
||
| 338 |
_avolume _bnc _2rdacarrier |
||
| 520 | _aDrama dealing with the social and moral obligations of scientists developing weapons of total destruction. | ||
| 650 | 0 |
_aEnglish drama _0http://id.loc.gov/authorities/subjects/sh85043338 _923589 |
|
| 655 | 7 |
_aDrama _2lcgft _9153046 |
|
| 942 |
_2lcc _cBK |
||
| 999 |
_c200468133 _d86345 |
||